000 00411nam a2200157Ia 4500
008 130318s9999 xx 000 0 und d
020 _a9780521849890
082 _a518.0285 GON/S;1
100 _aGonnet, Gaston H
245 _aScientific computation
260 _bCambridge University Press
_aUK
_c2009
300 _a236
650 _aOPTIMIZATION
650 _aSCIENTIFIC COMPUTATION
700 _aScholl, Ralf
999 _c2087
_d2087